[Event "April 9 Early 2024"]
[Site "Chess.com"]
[Date "2024.04.09"]
[Round "7"]
[White "Zavgorodniy, Sergiy"]
[Black "Bravo De La Vega, Alvaro"]
[Result "0-1"]
[Board "149"]
[WhiteFideId "14110148"]
[BlackFideId "24570672"]
[WhiteTitle "IM"]
[BlackTitle "CM"]
[WhiteElo "2616"]
[BlackElo "2416"]
[WhiteTeam "UKR"]
[BlackTeam "ESP"]
[WhiteClock "0:00:13"]
[BlackClock "0:00:09"]
[Variant "Standard"]

1. d4 {[%clk 0:03:00]}  Nf6 {[%clk 0:02:59]} 2. c4 {[%clk 0:03:01]}  e6 {[%clk 0:02:59]} 3. Nf3 {[%clk 0:03:00]}  h6 {[%clk 0:02:58]} 4. e3 {[%clk 0:02:59]}  d5 {[%clk 0:02:58]} 5. Nbd2 {[%clk 0:02:59]}  Be7 {[%clk 0:02:57]} 6. Bd3 {[%clk 0:02:59]}  dxc4 {[%clk 0:02:57]} 7. Nxc4 {[%clk 0:02:59]}  c5 {[%clk 0:02:56]} 8. O-O {[%clk 0:02:57]}  O-O {[%clk 0:02:56]} 9. Qe2 {[%clk 0:02:55]}  Nc6 {[%clk 0:02:54]} 10. dxc5 {[%clk 0:02:55]}  Bxc5 {[%clk 0:02:54]} 11. Rd1 {[%clk 0:02:55]}  Qe7 {[%clk 0:02:53]} 12. a3 {[%clk 0:02:55]}  a5 {[%clk 0:02:49]} 13. b3 {[%clk 0:02:55]}  e5 {[%clk 0:02:43]} 14. Bc2 {[%clk 0:02:39]}  e4 {[%clk 0:02:35]} 15. Nd4 {[%clk 0:02:35]}  Bg4 {[%clk 0:02:27]} 16. f3 {[%clk 0:02:35]}  exf3 {[%clk 0:02:27]} 17. Nxf3 {[%clk 0:02:32]}  Rfe8 {[%clk 0:02:23]} 18. h3 {[%clk 0:02:28]}  Be6 {[%clk 0:02:13]} 19. Bb2 {[%clk 0:02:26]}  Bxc4 {[%clk 0:02:11]} 20. Qxc4 {[%clk 0:02:27]}  Bxe3+ {[%clk 0:02:00]} 21. Kh1 {[%clk 0:02:26]}  Ne4 {[%clk 0:01:51]} 22. Re1 {[%clk 0:02:10]}  Ng3+ {[%clk 0:01:43]} 23. Kh2 {[%clk 0:02:10]}  Qc7 {[%clk 0:01:39]} 24. Qg4 {[%clk 0:01:41]}  Ne4+ {[%clk 0:00:56]} 25. g3 {[%clk 0:01:39]}  f5 {[%clk 0:00:51]} 26. Qxg7+ {[%clk 0:01:24]}  Qxg7 {[%clk 0:00:50]} 27. Bxg7 {[%clk 0:01:25]}  Bf2 {[%clk 0:00:50]} 28. Bxh6 {[%clk 0:01:18]}  Bxg3+ {[%clk 0:00:49]} 29. Kg2 {[%clk 0:01:15]}  Bxe1 {[%clk 0:00:49]} 30. Rxe1 {[%clk 0:01:16]}  Kh7 {[%clk 0:00:38]} 31. Bf4 {[%clk 0:01:15]}  Rg8+ {[%clk 0:00:37]} 32. Kh2 {[%clk 0:01:15]}  Rae8 {[%clk 0:00:25]} 33. Bd3 {[%clk 0:01:01]}  Rg7 {[%clk 0:00:17]} 34. Bc4 {[%clk 0:00:57]}  Rd7 {[%clk 0:00:14]} 35. Re2 {[%clk 0:00:54]}  Nd4 {[%clk 0:00:15]} 36. Nxd4 {[%clk 0:00:53]}  Rxd4 {[%clk 0:00:15]} 37. Rg2 {[%clk 0:00:51]}  Rd7 {[%clk 0:00:16]} 38. h4 {[%clk 0:00:48]}  Rg7 {[%clk 0:00:16]} 39. Re2 {[%clk 0:00:47]}  Rge7 {[%clk 0:00:14]} 40. Bd3 {[%clk 0:00:33]}  Kg6 {[%clk 0:00:12]} 41. Rg2+ {[%clk 0:00:32]}  Kh7 {[%clk 0:00:13]} 42. Re2 {[%clk 0:00:31]}  Rg7 {[%clk 0:00:11]} 43. h5 {[%clk 0:00:29]}  Rg4 {[%clk 0:00:11]} 44. Bc7 {[%clk 0:00:16]}  Reg8 {[%clk 0:00:11]} 45. Kh3 {[%clk 0:00:12]}  Ng5+ {[%clk 0:00:10]} 46. Kh2 {[%clk 0:00:13]}  Nf3+ {[%clk 0:00:09]} 47. Kh3 {[%clk 0:00:13]}  Rh4# {[%clk 0:00:09]} 0-1

[Event "April 9 Early 2024"]
[Site "Chess.com"]
[Date "2024.04.09"]
[Round "7"]
[White "Sodol, Georgiy"]
[Black "Golubev, Mikhail"]
[Result "1/2-1/2"]
[Board "150"]
[WhiteFideId "14115212"]
[BlackFideId "14100983"]
[WhiteTitle "FM"]
[BlackTitle "GM"]
[WhiteElo "2405"]
[BlackElo "2612"]
[WhiteTeam "UKR"]
[BlackTeam "UKR"]
[WhiteClock "0:00:07"]
[BlackClock "0:00:03"]
[Variant "Standard"]

1. c3 {[%clk 0:03:00]}  g6 {[%clk 0:02:58]} 2. Qa4 {[%clk 0:03:00]}  Bg7 {[%clk 0:02:57]} 3. Nf3 {[%clk 0:03:00]}  Nf6 {[%clk 0:02:55]} 4. e4 {[%clk 0:03:01]}  O-O {[%clk 0:02:53]} 5. e5 {[%clk 0:03:01]}  Nd5 {[%clk 0:02:39]} 6. h4 {[%clk 0:02:53]}  d6 {[%clk 0:02:26]} 7. h5 {[%clk 0:02:45]}  Bf5 {[%clk 0:02:00]} 8. hxg6 {[%clk 0:02:29]}  Bxg6 {[%clk 0:01:58]} 9. d4 {[%clk 0:02:16]}  Nc6 {[%clk 0:01:52]} 10. Bb5 {[%clk 0:02:07]}  Nb6 {[%clk 0:01:32]} 11. Qb3 {[%clk 0:01:47]}  dxe5 {[%clk 0:01:31]} 12. dxe5 {[%clk 0:01:46]}  Qd5 {[%clk 0:01:16]} 13. Qxd5 {[%clk 0:01:38]}  Nxd5 {[%clk 0:01:16]} 14. Bh6 {[%clk 0:01:27]}  Bxh6 {[%clk 0:01:16]} 15. Rxh6 {[%clk 0:01:28]}  Nf4 {[%clk 0:01:14]} 16. Rh2 {[%clk 0:01:19]}  Rad8 {[%clk 0:01:09]} 17. Nbd2 {[%clk 0:01:16]}  Nd3+ {[%clk 0:00:52]} 18. Bxd3 {[%clk 0:01:15]}  Rxd3 {[%clk 0:00:52]} 19. Nb3 {[%clk 0:01:03]}  Rd5 {[%clk 0:00:41]} 20. Rd1 {[%clk 0:00:55]}  Rfd8 {[%clk 0:00:37]} 21. Rxd5 {[%clk 0:00:49]}  Rxd5 {[%clk 0:00:38]} 22. e6 {[%clk 0:00:49]}  fxe6 {[%clk 0:00:35]} 23. Nbd4 {[%clk 0:00:27]}  Nxd4 {[%clk 0:00:35]} 24. Nxd4 {[%clk 0:00:28]}  c5 {[%clk 0:00:34]} 25. Nf3 {[%clk 0:00:20]}  c4 {[%clk 0:00:34]} 26. Rh4 {[%clk 0:00:18]}  Rb5 {[%clk 0:00:32]} 27. Rxc4 {[%clk 0:00:15]}  Rxb2 {[%clk 0:00:32]} 28. Rb4 {[%clk 0:00:10]}  Rxa2 {[%clk 0:00:29]} 29. Rxb7 {[%clk 0:00:10]}  Kf7 {[%clk 0:00:19]} 30. Ne5+ {[%clk 0:00:09]}  Kf6 {[%clk 0:00:19]} 31. Nd7+ {[%clk 0:00:10]}  Kf5 {[%clk 0:00:16]} 32. Nc5 {[%clk 0:00:09]}  a5 {[%clk 0:00:13]} 33. Rxe7 {[%clk 0:00:09]}  a4 {[%clk 0:00:09]} 34. Rxe6 {[%clk 0:00:08]}  a3 {[%clk 0:00:08]} 35. Ra6 {[%clk 0:00:08]}  Ke5 {[%clk 0:00:07]} 36. Nd3+ {[%clk 0:00:05]}  Ke4 {[%clk 0:00:05]} 37. Nb4 {[%clk 0:00:05]}  Ra1+ {[%clk 0:00:03]} 38. Kd2 {[%clk 0:00:04]}  Bf7 {[%clk 0:00:03]} 39. f3+ {[%clk 0:00:03]}  Ke5 {[%clk 0:00:03]} 40. Ke3 {[%clk 0:00:02]}  Bb3 {[%clk 0:00:02]} 41. f4+ {[%clk 0:00:01]}  Kf5 {[%clk 0:00:02]} 42. Kf3 {[%clk 0:00:02]}  Bd1+ {[%clk 0:00:02]} 43. Kg3 {[%clk 0:00:02]}  Bb3 {[%clk 0:00:02]} 44. Ra5+ {[%clk 0:00:01]}  Ke4 {[%clk 0:00:02]} 45. Kg4 {[%clk 0:00:01]}  Ke3 {[%clk 0:00:02]} 46. g3 {[%clk 0:00:01]}  Kd2 {[%clk 0:00:02]} 47. f5 {[%clk 0:00:02]}  Kxc3 {[%clk 0:00:02]} 48. Nc6 {[%clk 0:00:02]}  Kb2 {[%clk 0:00:03]} 49. Kg5 {[%clk 0:00:03]}  Rf1 {[%clk 0:00:03]} 50. g4 {[%clk 0:00:04]}  a2 {[%clk 0:00:03]} 51. Nd4 {[%clk 0:00:04]}  a1=Q {[%clk 0:00:03]} 52. Rxa1 {[%clk 0:00:04]}  Rxa1 {[%clk 0:00:03]} 53. Nxb3 {[%clk 0:00:05]}  Kxb3 {[%clk 0:00:02]} 54. Kh6 {[%clk 0:00:06]}  Rg1 {[%clk 0:00:02]} 55. Kxh7 {[%clk 0:00:06]}  Rxg4 {[%clk 0:00:02]} 56. f6 {[%clk 0:00:06]}  Rf4 {[%clk 0:00:02]} 57. Kg7 {[%clk 0:00:07]}  Rxf6 {[%clk 0:00:03]} 58. Kxf6 {[%clk 0:00:07]} 1/2-1/2

[Event "April 9 Early 2024"]
[Site "Chess.com"]
[Date "2024.04.10"]
[Round "7"]
[White "Lesbekova, Assel"]
[Black "Migot, Tangi"]
[Result "1-0"]
[Board "155"]
[WhiteFideId "13713248"]
[BlackFideId "662445"]
[WhiteTitle "WCM"]
[BlackTitle "IM"]
[WhiteElo "2323"]
[BlackElo "2541"]
[WhiteTeam "KGZ"]
[BlackTeam "FRA"]
[WhiteClock "0:00:28"]
[BlackClock "0:00:00"]
[Variant "Standard"]

1. e4 {[%clk 0:03:00]}  c5 {[%clk 0:02:59]} 2. Nf3 {[%clk 0:02:58]}  Nc6 {[%clk 0:02:59]} 3. Bb5 {[%clk 0:02:57]}  Qb6 {[%clk 0:02:56]} 4. Bxc6 {[%clk 0:02:52]}  Qxc6 {[%clk 0:02:54]} 5. d3 {[%clk 0:02:51]}  d6 {[%clk 0:02:54]} 6. O-O {[%clk 0:02:52]}  g6 {[%clk 0:02:53]} 7. Re1 {[%clk 0:02:49]}  Bg7 {[%clk 0:02:53]} 8. c3 {[%clk 0:02:50]}  e5 {[%clk 0:02:47]} 9. d4 {[%clk 0:02:46]}  exd4 {[%clk 0:02:43]} 10. cxd4 {[%clk 0:02:47]}  Ne7 {[%clk 0:02:43]} 11. Nc3 {[%clk 0:02:45]}  Bg4 {[%clk 0:02:39]} 12. dxc5 {[%clk 0:02:42]}  dxc5 {[%clk 0:02:35]} 13. h3 {[%clk 0:02:43]}  Bxf3 {[%clk 0:02:33]} 14. Qxf3 {[%clk 0:02:44]}  O-O {[%clk 0:02:32]} 15. Bg5 {[%clk 0:02:42]}  Rfe8 {[%clk 0:02:16]} 16. Rad1 {[%clk 0:02:38]}  Qe6 {[%clk 0:02:08]} 17. Qd3 {[%clk 0:02:22]}  Nc6 {[%clk 0:02:03]} 18. Qd7 {[%clk 0:02:14]}  Nd4 {[%clk 0:02:00]} 19. Qxe6 {[%clk 0:02:11]}  Rxe6 {[%clk 0:01:58]} 20. Nd5 {[%clk 0:02:04]}  Rb8 {[%clk 0:01:15]} 21. f3 {[%clk 0:01:52]}  h6 {[%clk 0:01:02]} 22. Be3 {[%clk 0:01:49]}  Kh7 {[%clk 0:01:00]} 23. Kf1 {[%clk 0:01:47]}  b6 {[%clk 0:00:52]} 24. Rd2 {[%clk 0:01:42]}  Rd8 {[%clk 0:00:47]} 25. Nc3 {[%clk 0:01:39]}  Rde8 {[%clk 0:00:43]} 26. Bf2 {[%clk 0:01:35]}  h5 {[%clk 0:00:39]} 27. Red1 {[%clk 0:01:31]}  a6 {[%clk 0:00:26]} 28. Nd5 {[%clk 0:01:29]}  Rc8 {[%clk 0:00:21]} 29. Nf4 {[%clk 0:01:22]}  Rec6 {[%clk 0:00:19]} 30. Nd5 {[%clk 0:01:21]}  Rd6 {[%clk 0:00:17]} 31. Bg3 {[%clk 0:01:20]}  Re6 {[%clk 0:00:15]} 32. Nf4 {[%clk 0:01:17]}  Rec6 {[%clk 0:00:14]} 33. Nd5 {[%clk 0:01:17]}  Bf8 {[%clk 0:00:13]} 34. Rd3 {[%clk 0:01:10]}  b5 {[%clk 0:00:13]} 35. R3d2 {[%clk 0:01:06]}  Re6 {[%clk 0:00:12]} 36. Nf4 {[%clk 0:01:03]}  Rb6 {[%clk 0:00:10]} 37. Nd5 {[%clk 0:01:03]}  Rbc6 {[%clk 0:00:11]} 38. Bf2 {[%clk 0:00:58]}  Ne6 {[%clk 0:00:08]} 39. Nf6+ {[%clk 0:00:56]}  Kh8 {[%clk 0:00:09]} 40. Rd7 {[%clk 0:00:50]}  R6c7 {[%clk 0:00:09]} 41. Bg3 {[%clk 0:00:44]}  Rxd7 {[%clk 0:00:07]} 42. Rxd7 {[%clk 0:00:45]}  Bg7 {[%clk 0:00:05]} 43. Rxf7 {[%clk 0:00:39]}  Nd8 {[%clk 0:00:05]} 44. Ra7 {[%clk 0:00:32]}  Bxf6 {[%clk 0:00:04]} 45. Rxa6 {[%clk 0:00:33]}  Kg7 {[%clk 0:00:03]} 46. Bd6 {[%clk 0:00:28]}  c4 {[%clk 0:00:00]} 47. e5 {[%clk 0:00:28]} 1-0

[Event "April 9 Early 2024"]
[Site "Chess.com"]
[Date "2024.04.09"]
[Round "7"]
[White "Filgueira, Hernan"]
[Black "Alcazar Jimenez, Jesus Alberto"]
[Result "1-0"]
[Board "156"]
[WhiteFideId "101770"]
[BlackFideId "2209756"]
[WhiteTitle "IM"]
[BlackTitle "FM"]
[WhiteElo "2505"]
[BlackElo "2336"]
[WhiteTeam "ARG"]
[BlackTeam "ESP"]
[WhiteClock "0:01:49"]
[BlackClock "0:00:00"]
[Variant "Standard"]

1. e4 {[%clk 0:03:00]}  c5 {[%clk 0:02:47]} 2. Nc3 {[%clk 0:02:59]}  Nc6 {[%clk 0:02:45]} 3. f4 {[%clk 0:03:00]}  d6 {[%clk 0:02:35]} 4. Nf3 {[%clk 0:02:59]}  e5 {[%clk 0:02:33]} 5. fxe5 {[%clk 0:02:54]}  dxe5 {[%clk 0:02:32]} 6. Bb5 {[%clk 0:02:55]}  Bd6 {[%clk 0:02:15]} 7. Bxc6+ {[%clk 0:02:53]}  bxc6 {[%clk 0:02:12]} 8. d3 {[%clk 0:02:54]}  Nf6 {[%clk 0:02:10]} 9. O-O {[%clk 0:02:53]}  O-O {[%clk 0:02:09]} 10. Bg5 {[%clk 0:02:49]}  Bg4 {[%clk 0:01:58]} 11. Qe1 {[%clk 0:02:45]}  Bh5 {[%clk 0:01:53]} 12. Nh4 {[%clk 0:02:38]}  Bg6 {[%clk 0:01:44]} 13. Bxf6 {[%clk 0:02:31]}  gxf6 {[%clk 0:01:39]} 14. Qe2 {[%clk 0:02:21]}  Re8 {[%clk 0:01:32]} 15. Nd1 {[%clk 0:02:14]}  c4 {[%clk 0:01:17]} 16. dxc4 {[%clk 0:02:10]}  Bc5+ {[%clk 0:01:15]} 17. Kh1 {[%clk 0:02:11]}  Qd4 {[%clk 0:01:13]} 18. Nxg6 {[%clk 0:01:59]}  fxg6 {[%clk 0:01:12]} 19. c3 {[%clk 0:01:59]}  Qd8 {[%clk 0:01:07]} 20. b4 {[%clk 0:01:55]}  Bf8 {[%clk 0:00:00]} 21. Ne3 {[%clk 0:01:49]} 1-0

[Event "April 9 Early 2024"]
[Site "Chess.com"]
[Date "2024.04.09"]
[Round "7"]
[White "Spitzl, Vinzent"]
[Black "Ruge, Edison"]
[Result "1-0"]
[Board "157"]
[WhiteFideId "12901253"]
[BlackFideId "4401000"]
[WhiteTitle "FM"]
[BlackTitle "FM"]
[WhiteElo "2497"]
[BlackElo "2317"]
[WhiteTeam "GER"]
[BlackTeam "COL"]
[WhiteClock "0:01:40"]
[BlackClock "0:00:00"]
[Variant "Standard"]

1. d4 {[%clk 0:03:00]}  d6 {[%clk 0:02:56]} 2. Nf3 {[%clk 0:02:59]}  Nf6 {[%clk 0:02:56]} 3. c4 {[%clk 0:02:59]}  g6 {[%clk 0:02:55]} 4. g3 {[%clk 0:02:59]}  Bg7 {[%clk 0:02:56]} 5. Bg2 {[%clk 0:02:59]}  O-O {[%clk 0:02:57]} 6. b3 {[%clk 0:03:00]}  c6 {[%clk 0:02:55]} 7. Bb2 {[%clk 0:03:00]}  Qa5+ {[%clk 0:02:55]} 8. Qd2 {[%clk 0:02:59]}  Qh5 {[%clk 0:02:56]} 9. O-O {[%clk 0:02:53]}  Ne4 {[%clk 0:02:54]} 10. Qf4 {[%clk 0:02:50]}  f5 {[%clk 0:02:46]} 11. Qh4 {[%clk 0:02:48]}  Qxh4 {[%clk 0:02:41]} 12. Nxh4 {[%clk 0:02:49]}  c5 {[%clk 0:02:37]} 13. Nf3 {[%clk 0:02:47]}  Nc6 {[%clk 0:02:36]} 14. Rd1 {[%clk 0:02:42]}  Be6 {[%clk 0:02:18]} 15. Nbd2 {[%clk 0:02:41]}  Bf7 {[%clk 0:01:24]} 16. e3 {[%clk 0:02:34]}  a5 {[%clk 0:01:02]} 17. Nxe4 {[%clk 0:02:33]}  fxe4 {[%clk 0:01:01]} 18. Ng5 {[%clk 0:02:34]}  cxd4 {[%clk 0:00:55]} 19. exd4 {[%clk 0:02:23]}  d5 {[%clk 0:00:19]} 20. Nxf7 {[%clk 0:02:19]}  Rxf7 {[%clk 0:00:20]} 21. cxd5 {[%clk 0:02:18]}  Nb4 {[%clk 0:00:20]} 22. Bxe4 {[%clk 0:02:14]}  Raf8 {[%clk 0:00:21]} 23. Rd2 {[%clk 0:02:11]}  Bh6 {[%clk 0:00:20]} 24. Re2 {[%clk 0:02:11]}  Rd8 {[%clk 0:00:16]} 25. Rae1 {[%clk 0:02:03]}  Nxd5 {[%clk 0:00:16]} 26. Bxd5 {[%clk 0:02:03]}  Rxd5 {[%clk 0:00:16]} 27. Rxe7 {[%clk 0:02:04]}  Rxe7 {[%clk 0:00:14]} 28. Rxe7 {[%clk 0:02:04]}  Bg7 {[%clk 0:00:15]} 29. Rxb7 {[%clk 0:02:02]}  Bxd4 {[%clk 0:00:15]} 30. Bxd4 {[%clk 0:02:02]}  Rxd4 {[%clk 0:00:16]} 31. Kg2 {[%clk 0:02:00]}  a4 {[%clk 0:00:16]} 32. h4 {[%clk 0:01:52]}  axb3 {[%clk 0:00:14]} 33. axb3 {[%clk 0:01:52]}  h5 {[%clk 0:00:14]} 34. b4 {[%clk 0:01:52]}  Rd3 {[%clk 0:00:14]} 35. b5 {[%clk 0:01:52]}  Rb3 {[%clk 0:00:12]} 36. b6 {[%clk 0:01:53]}  Kh8 {[%clk 0:00:11]} 37. Kf1 {[%clk 0:01:53]}  Rb2 {[%clk 0:00:10]} 38. Ke1 {[%clk 0:01:51]}  Kg8 {[%clk 0:00:10]} 39. Kd1 {[%clk 0:01:44]}  Kf8 {[%clk 0:00:10]} 40. Kc1 {[%clk 0:01:44]}  Rxf2 {[%clk 0:00:08]} 41. Rc7 {[%clk 0:01:44]}  Rf1+ {[%clk 0:00:01]} 42. Kc2 {[%clk 0:01:43]}  Rf5 {[%clk 0:00:00]} 43. b7 {[%clk 0:01:40]} 1-0

[Event "April 9 Early 2024"]
[Site "Chess.com"]
[Date "2024.04.10"]
[Round "7"]
[White "Filindash, Nikita"]
[Black "Montano Vicente, Guadalupe"]
[Result "1/2-1/2"]
[Board "158"]
[WhiteFideId "34159983"]
[BlackFideId "5181399"]
[WhiteTitle "CM"]
[WhiteElo "2493"]
[BlackElo "2301"]
[WhiteTeam "CZE"]
[BlackTeam "MEX"]
[WhiteClock "0:00:16"]
[BlackClock "0:00:16"]
[Variant "Standard"]

1. d4 {[%clk 0:02:56]}  Nf6 {[%clk 0:02:59]} 2. c4 {[%clk 0:02:56]}  g6 {[%clk 0:02:57]} 3. Nc3 {[%clk 0:02:56]}  Bg7 {[%clk 0:02:57]} 4. e4 {[%clk 0:02:54]}  d6 {[%clk 0:02:56]} 5. Nf3 {[%clk 0:02:54]}  O-O {[%clk 0:02:56]} 6. Be2 {[%clk 0:02:54]}  Qe8 {[%clk 0:02:54]} 7. O-O {[%clk 0:02:54]}  e5 {[%clk 0:02:54]} 8. Bg5 {[%clk 0:02:53]}  exd4 {[%clk 0:02:51]} 9. Bxf6 {[%clk 0:02:45]}  dxc3 {[%clk 0:02:05]} 10. Bxg7 {[%clk 0:02:44]}  Kxg7 {[%clk 0:02:05]} 11. Qd4+ {[%clk 0:02:44]}  f6 {[%clk 0:02:05]} 12. Qxc3 {[%clk 0:02:24]}  Qxe4 {[%clk 0:02:02]} 13. Bd3 {[%clk 0:02:25]}  Qe7 {[%clk 0:01:54]} 14. Rfe1 {[%clk 0:02:25]}  Qd8 {[%clk 0:01:50]} 15. Nd4 {[%clk 0:02:18]}  Nc6 {[%clk 0:01:39]} 16. Nxc6 {[%clk 0:02:13]}  bxc6 {[%clk 0:01:38]} 17. Re3 {[%clk 0:01:54]}  Re8 {[%clk 0:01:18]} 18. Be4 {[%clk 0:01:34]}  Bd7 {[%clk 0:01:16]} 19. Rae1 {[%clk 0:01:31]}  Rb8 {[%clk 0:01:08]} 20. b4 {[%clk 0:01:29]}  Qc8 {[%clk 0:00:44]} 21. Rf3 {[%clk 0:01:09]}  Re5 {[%clk 0:00:39]} 22. Rfe3 {[%clk 0:01:01]}  Qe8 {[%clk 0:00:20]} 23. f4 {[%clk 0:00:54]}  Re7 {[%clk 0:00:19]} 24. Bxg6 {[%clk 0:00:49]}  Rxe3 {[%clk 0:00:18]} 25. Rxe3 {[%clk 0:00:45]}  Qxg6 {[%clk 0:00:16]} 26. Re7+ {[%clk 0:00:45]}  Kh6 {[%clk 0:00:16]} 27. Rxd7 {[%clk 0:00:33]}  Qb1+ {[%clk 0:00:16]} 28. Kf2 {[%clk 0:00:32]}  Qxa2+ {[%clk 0:00:16]} 29. Kf1 {[%clk 0:00:23]}  Qb1+ {[%clk 0:00:16]} 30. Kf2 {[%clk 0:00:23]}  Qa2+ {[%clk 0:00:16]} 31. Kf1 {[%clk 0:00:16]}  Qb1+ {[%clk 0:00:16]} 32. Kf2 {[%clk 0:00:16]}  Qa2+ {[%clk 0:00:16]} 1/2-1/2

[Event "April 9 Early 2024"]
[Site "Chess.com"]
[Date "2024.04.09"]
[Round "7"]
[White "Rouast, Joseph"]
[Black "Savitha Shri B"]
[Result "0-1"]
[Board "159"]
[WhiteFideId "45147000"]
[BlackFideId "35061887"]
[WhiteTitle "CM"]
[BlackTitle "WGM"]
[WhiteElo "2282"]
[BlackElo "2489"]
[WhiteTeam "FRA"]
[BlackTeam "IND"]
[WhiteClock "0:00:00"]
[BlackClock "0:01:41"]
[Variant "Standard"]

1. e4 {[%clk 0:01:47]}  c5 {[%clk 0:02:19]} 2. Nf3 {[%clk 0:01:47]}  e6 {[%clk 0:02:20]} 3. c4 {[%clk 0:01:42]}  Nc6 {[%clk 0:02:15]} 4. Nc3 {[%clk 0:01:41]}  Nf6 {[%clk 0:02:13]} 5. d4 {[%clk 0:01:41]}  cxd4 {[%clk 0:02:13]} 6. Nxd4 {[%clk 0:01:42]}  Bb4 {[%clk 0:02:13]} 7. Nxc6 {[%clk 0:01:35]}  bxc6 {[%clk 0:02:14]} 8. e5 {[%clk 0:01:35]}  Ne4 {[%clk 0:02:11]} 9. Qc2 {[%clk 0:01:27]}  Nxc3 {[%clk 0:02:08]} 10. bxc3 {[%clk 0:01:28]}  Qa5 {[%clk 0:02:08]} 11. Bd2 {[%clk 0:00:34]}  Qxe5+ {[%clk 0:02:03]} 12. Be2 {[%clk 0:00:34]}  Ba5 {[%clk 0:01:55]} 13. Qd3 {[%clk 0:00:23]}  Ba6 {[%clk 0:01:51]} 14. O-O {[%clk 0:00:22]}  d5 {[%clk 0:01:49]} 15. Qe3 {[%clk 0:00:12]}  Qxe3 {[%clk 0:01:45]} 16. Bxe3 {[%clk 0:00:13]}  Bxc3 {[%clk 0:01:45]} 17. Rab1 {[%clk 0:00:09]}  d4 {[%clk 0:01:43]} 18. Bf4 {[%clk 0:00:06]}  f6 {[%clk 0:01:43]} 19. Bd6 {[%clk 0:00:06]}  Kd7 {[%clk 0:01:42]} 20. Bc5 {[%clk 0:00:06]}  Rab8 {[%clk 0:01:42]} 21. Bxa7 {[%clk 0:00:05]}  Rxb1 {[%clk 0:01:42]} 22. Rxb1 {[%clk 0:00:06]}  Ra8 {[%clk 0:01:43]} 23. Bc5 {[%clk 0:00:05]}  f5 {[%clk 0:01:41]} 24. f4 {[%clk 0:00:00]}  Bc8 {[%clk 0:01:41]} 0-1

[Event "April 9 Early 2024"]
[Site "Chess.com"]
[Date "2024.04.09"]
[Round "7"]
[White "Szente Varga, Fruzsina"]
[Black "Garv Gaur"]
[Result "1-0"]
[Board "160"]
[WhiteFideId "712264"]
[BlackFideId "45030839"]
[WhiteTitle "WFM"]
[BlackTitle "FM"]
[WhiteElo "2269"]
[BlackElo "2481"]
[WhiteTeam "HUN"]
[BlackTeam "IND"]
[WhiteClock "0:00:16"]
[BlackClock "0:00:00"]
[Variant "Standard"]

1. e4 {[%clk 0:03:00]}  g6 {[%clk 0:02:56]} 2. d4 {[%clk 0:02:53]}  Bg7 {[%clk 0:02:56]} 3. Nc3 {[%clk 0:02:52]}  c6 {[%clk 0:02:56]} 4. f3 {[%clk 0:02:49]}  d5 {[%clk 0:02:56]} 5. Be3 {[%clk 0:02:45]}  b6 {[%clk 0:02:37]} 6. Qd2 {[%clk 0:02:42]}  Ba6 {[%clk 0:02:37]} 7. O-O-O {[%clk 0:02:38]}  Bxf1 {[%clk 0:02:36]} 8. Rxf1 {[%clk 0:02:39]}  e6 {[%clk 0:02:35]} 9. h4 {[%clk 0:02:35]}  h6 {[%clk 0:02:31]} 10. h5 {[%clk 0:02:34]}  Nd7 {[%clk 0:02:07]} 11. hxg6 {[%clk 0:02:24]}  fxg6 {[%clk 0:02:08]} 12. Nh3 {[%clk 0:02:22]}  Qf6 {[%clk 0:02:07]} 13. e5 {[%clk 0:02:19]}  Qf7 {[%clk 0:02:06]} 14. Qe2 {[%clk 0:02:15]}  O-O-O {[%clk 0:01:55]} 15. Qa6+ {[%clk 0:02:10]}  Kb8 {[%clk 0:01:56]} 16. Nf4 {[%clk 0:02:02]}  Ne7 {[%clk 0:01:49]} 17. Nd3 {[%clk 0:01:57]}  Rc8 {[%clk 0:01:32]} 18. Qa3 {[%clk 0:01:36]}  g5 {[%clk 0:01:27]} 19. f4 {[%clk 0:01:33]}  g4 {[%clk 0:01:24]} 20. Qd6+ {[%clk 0:01:21]}  Rc7 {[%clk 0:01:16]} 21. Nb4 {[%clk 0:01:22]}  Kc8 {[%clk 0:00:46]} 22. Na6 {[%clk 0:01:18]}  Rb7 {[%clk 0:00:46]} 23. f5 {[%clk 0:01:05]}  Nf8 {[%clk 0:00:30]} 24. f6 {[%clk 0:00:54]}  Nf5 {[%clk 0:00:25]} 25. Qxc6+ {[%clk 0:00:54]}  Kd8 {[%clk 0:00:25]} 26. fxg7 {[%clk 0:00:43]}  Qxg7 {[%clk 0:00:25]} 27. Bd2 {[%clk 0:00:29]}  Rh7 {[%clk 0:00:25]} 28. Nxd5 {[%clk 0:00:28]}  exd5 {[%clk 0:00:20]} 29. Rxf5 {[%clk 0:00:28]}  Ng6 {[%clk 0:00:18]} 30. Rhf1 {[%clk 0:00:20]}  Qd7 {[%clk 0:00:03]} 31. Qxg6 {[%clk 0:00:17]}  Rg7 {[%clk 0:00:00]} 32. Rf8+ {[%clk 0:00:16]} 1-0

[Event "April 9 Early 2024"]
[Site "Chess.com"]
[Date "2024.04.09"]
[Round "7"]
[White "Caku, Kler"]
[Black "Hnatyshyn, Anastasiia"]
[Result "1-0"]
[Board "162"]
[WhiteFideId "4704703"]
[BlackFideId "14198339"]
[WhiteTitle "WCM"]
[BlackTitle "WFM"]
[WhiteElo "2210"]
[BlackElo "2471"]
[WhiteTeam "ALB"]
[BlackTeam "UKR"]
[WhiteClock "0:00:03"]
[BlackClock "0:00:00"]
[Variant "Standard"]

1. e4 {[%clk 0:03:00]}  e6 {[%clk 0:02:59]} 2. d4 {[%clk 0:03:00]}  d5 {[%clk 0:02:59]} 3. Nd2 {[%clk 0:02:59]}  c5 {[%clk 0:02:59]} 4. dxc5 {[%clk 0:02:58]}  Bxc5 {[%clk 0:02:58]} 5. exd5 {[%clk 0:02:58]}  Qxd5 {[%clk 0:02:55]} 6. Ngf3 {[%clk 0:02:54]}  Nc6 {[%clk 0:02:53]} 7. Bc4 {[%clk 0:02:49]}  Qd8 {[%clk 0:02:51]} 8. O-O {[%clk 0:02:50]}  Nf6 {[%clk 0:02:51]} 9. Nb3 {[%clk 0:02:49]}  Bb6 {[%clk 0:02:46]} 10. Qxd8+ {[%clk 0:02:44]}  Bxd8 {[%clk 0:02:44]} 11. Bf4 {[%clk 0:02:40]}  O-O {[%clk 0:02:32]} 12. Rad1 {[%clk 0:02:33]}  a6 {[%clk 0:02:15]} 13. a4 {[%clk 0:02:06]}  Bb6 {[%clk 0:01:41]} 14. Ne5 {[%clk 0:01:52]}  Nb4 {[%clk 0:01:14]} 15. c3 {[%clk 0:01:34]}  Nbd5 {[%clk 0:01:12]} 16. Bg3 {[%clk 0:01:32]}  Rd8 {[%clk 0:00:48]} 17. Bxd5 {[%clk 0:01:13]}  exd5 {[%clk 0:00:44]} 18. Nd4 {[%clk 0:01:04]}  Be6 {[%clk 0:00:20]} 19. Rfe1 {[%clk 0:00:58]}  Rac8 {[%clk 0:00:15]} 20. Nxe6 {[%clk 0:00:55]}  fxe6 {[%clk 0:00:15]} 21. Nf3 {[%clk 0:00:51]}  Ne4 {[%clk 0:00:13]} 22. Nd4 {[%clk 0:00:46]}  Kf7 {[%clk 0:00:12]} 23. Be5 {[%clk 0:00:43]}  Rc4 {[%clk 0:00:08]} 24. f3 {[%clk 0:00:40]}  Nf6 {[%clk 0:00:06]} 25. Kh1 {[%clk 0:00:34]}  Re8 {[%clk 0:00:06]} 26. b3 {[%clk 0:00:16]}  Rcc8 {[%clk 0:00:06]} 27. Ne2 {[%clk 0:00:05]}  Nd7 {[%clk 0:00:05]} 28. Bd4 {[%clk 0:00:05]}  Bc7 {[%clk 0:00:04]} 29. Ng3 {[%clk 0:00:04]}  Bd6 {[%clk 0:00:03]} 30. Nf1 {[%clk 0:00:02]}  e5 {[%clk 0:00:03]} 31. Bf2 {[%clk 0:00:02]}  Nf6 {[%clk 0:00:04]} 32. c4 {[%clk 0:00:02]}  d4 {[%clk 0:00:04]} 33. Re2 {[%clk 0:00:01]}  Bc5 {[%clk 0:00:04]} 34. Nd2 {[%clk 0:00:01]}  b6 {[%clk 0:00:04]} 35. Ne4 {[%clk 0:00:01]}  a5 {[%clk 0:00:05]} 36. Nxf6 {[%clk 0:00:01]}  gxf6 {[%clk 0:00:05]} 37. Rd3 {[%clk 0:00:02]}  Ke6 {[%clk 0:00:05]} 38. g4 {[%clk 0:00:02]}  h5 {[%clk 0:00:03]} 39. h3 {[%clk 0:00:02]}  hxg4 {[%clk 0:00:03]} 40. hxg4 {[%clk 0:00:03]}  Rh8+ {[%clk 0:00:04]} 41. Kg2 {[%clk 0:00:04]}  Rh7 {[%clk 0:00:04]} 42. Bg3 {[%clk 0:00:04]}  Rch8 {[%clk 0:00:04]} 43. f4 {[%clk 0:00:03]}  Bd6 {[%clk 0:00:02]} 44. Rxd4 {[%clk 0:00:03]}  Kd7 {[%clk 0:00:00]} 45. fxe5 {[%clk 0:00:03]} 1-0